Āphrikāra āmantraṇa. (Record no. 81598)
[ view plain ]
| 000 -LEADER | |
|---|---|
| fixed length control field | 00602cam a22002291 4500 |
| 001 - CONTROL NUMBER | |
| control field | sa 68007072 |
| 003 - CONTROL NUMBER IDENTIFIER | |
| control field | DLC |
| 005 - DATE AND TIME OF LATEST TRANSACTION | |
| control field | 20260227112520.0 |
| 008 - FIXED-LENGTH DATA ELEMENTS--GENERAL INFORMATION | |
| fixed length control field | 950303s1968 ii ach 000 0 beno |
| 010 ## - LIBRARY OF CONGRESS CONTROL NUMBER | |
| LC control number | sa 68007072 |
| 025 ## - OVERSEAS ACQUISITION NUMBER | |
| Overseas acquisition number | PL480:EP-B-1611 |
| 035 ## - SYSTEM CONTROL NUMBER | |
| System control number | (OCoLC)32084030 |
| 040 ## - CATALOGING SOURCE | |
| Original cataloging agency | DLC |
| Transcribing agency | CU |
| Modifying agency | CU |
| -- | DLC |
| 042 ## - AUTHENTICATION CODE | |
| Authentication code | premarc |
| 050 00 - LIBRARY OF CONGRESS CALL NUMBER | |
| Classification number | DT365 |
| Item number | .S37 |
| 100 2# - MAIN ENTRY--PERSONAL NAME | |
| Personal name | Shamsur Rahman, Syed. |
| 245 10 - TITLE STATEMENT | |
| Title | Āphrikāra āmantraṇa. |
| 260 ## - PUBLICATION, DISTRIBUTION, ETC. | |
| Date of publication, distribution, etc. | [1968] |
| 300 ## - PHYSICAL DESCRIPTION | |
| Extent | xii, 347 p. |
| Other physical details | illus., facsims., port. |
| Dimensions | 23 cm. |
| 500 ## - GENERAL NOTE | |
| General note | In Bengali. |
| 651 #0 - SUBJECT ADDED ENTRY--GEOGRAPHIC NAME | |
| Geographic name | Africa, East |
| General subdivision | Description and travel. |
No items available.